Análisis de proyectos de energía solar para comunidades aisladas
El presente trabajo compone al análisis comparativo de costos de energía eléctrica que suministra Unión Fenosa y la que se podría generar en hogares a través del aprovechamiento de la energía solar tomando como zona de estudio, áreas aisladas de las zonas no concesionadas por ENEL, ejemplos...
| Main Authors: | , , |
|---|---|
| Other Authors: | |
| Format: | Tesis Section = Libro |
| Language: | Undetermined Spanish |
| Published: |
Managua
UNI
2010
|
| Subjects: |
| LEADER | 01120nam a2200253Ia 4500 | ||
|---|---|---|---|
| 008 | 240830s9999 xx 000 0 und d | ||
| 040 | |a BIBLIOTECA-RUSB/ T.Mon 333.7923 R934 | ||
| 041 | |a spa | ||
| 082 | |a T.Mon 333.7923 R934 | ||
| 100 | 1 | |a Ruiz Corrales, Luis Miguel | |
| 100 | 1 | |b Ñurinda Cano, Darvin Gabriel | |
| 100 | 1 | |c Gomes, William José | |
| 245 | 1 | 0 | |a Análisis de proyectos de energía solar para comunidades aisladas |
| 260 | |a Managua |b UNI |c 2010 | ||
| 300 | |a 49 p. :il. | ||
| 502 | |a Tesis (Ingeniero Eléctrico) - UNI, 2010. | ||
| 520 | 3 | |a El presente trabajo compone al análisis comparativo de costos de energía eléctrica que suministra Unión Fenosa y la que se podría generar en hogares a través del aprovechamiento de la energía solar tomando como zona de estudio, áreas aisladas de las zonas no concesionadas por ENEL, ejemplos de estas zonas la Costa Atlántica nicaragüense. | |
| 650 | 7 | |a ENERGÍA SOLAR | |
| 650 | 7 | |b CONSUMO DE ENERGÍA | |
| 650 | 7 | |c COLECTORES SOLARES | |
| 700 | 1 | |a Tutor: |b González Mena, Juan | |
| 942 | |c BK |2 ddc | ||
| 991 | |a TESIS | ||
| 999 | |c 21722 | ||